Normal view
MARC view
- Garrett, H. L. O
Entry Personal Name
001 - CONTROL NUMBER
- control field: 74858
003 - CONTROL NUMBER IDENTIFIER
- control field: NUST
005 - DATE AND TIME OF LATEST TRANSACTION
- control field: 20210628205314.0
008 - FIXED-LENGTH DATA ELEMENTS
- fixed length control field: 210628|| aca||aabn | a|a d
040 ## - CATALOGING SOURCE
- Original cataloging agency: NUST
- Transcribing agency: NUST
100 ## - HEADING--PERSONAL NAME
- Personal name: Garrett, H. L. O
670 ## - SOURCE DATA FOUND
- Source citation: Work cat.: (NUST): Garrett, H. L. O, The punjab a hundred years ago, 1997
